Երկրագործին բարեկամը : (Record no. 534712)
[ view plain ]
| 000 -LEADER | |
|---|---|
| fixed length control field | 00830nam a2200205 a 4500 |
| 001 - CONTROL NUMBER | |
| control field | 000574093 |
| 003 - CONTROL NUMBER IDENTIFIER | |
| control field | AM-YEHGA |
| 005 - DATE AND TIME OF LATEST TRANSACTION | |
| control field | 20250822104239.0 |
| 008 - FIXED-LENGTH DATA ELEMENTS--GENERAL INFORMATION | |
| fixed length control field | 080328s1913 tu |||||||||||000|0|arm|d |
| 040 ## - CATALOGING SOURCE | |
| Original cataloging agency | AM-YEHGA |
| 041 0# - LANGUAGE CODE | |
| Language code of text/sound track or separate title | arm |
| 100 1# - MAIN ENTRY--PERSONAL NAME | |
| Personal name | Տէր Ստեփանեան, Նշան |
| 245 10 - TITLE STATEMENT | |
| Title | Երկրագործին բարեկամը : |
| Remainder of title | Ընթացք երկրագործութեան / |
| Statement of responsibility, etc. | Ն. Տէր Ստեփանեան. |
| 260 ## - PUBLICATION, DISTRIBUTION, ETC. | |
| Place of publication, distribution, etc. | Կ. Պոլիս : |
| Name of publisher, distributor, etc. | տպ. Սանճագճեան, |
| Date of publication, distribution, etc. | 1913. |
| 300 ## - PHYSICAL DESCRIPTION | |
| Extent | գրքույկ ; |
| Dimensions | 18 սմ. |
| 440 #0 - SERIES STATEMENT/ADDED ENTRY--TITLE | |
| Title | Լուսաղբիւր հրատարակչական ընկերութիւն |
| 505 10 - FORMATTED CONTENTS NOTE | |
| Miscellaneous information | Գրքույկ Ա. (1913 ; 92 էջ, նկ.) : |
| Title | Հիմնական նախագիտելիքներ |
| 650 14 - SUBJECT ADDED ENTRY--TOPICAL TERM | |
| Topical term or geographic name entry element | Գյուղատնտեսության ընդհանուր հարցեր |
| 942 ## - ADDED ENTRY ELEMENTS (KOHA) | |
| Source of classification or shelving scheme | Universal Decimal Classification |
| Koha item type | Գրքեր / Books |
| Withdrawn status | Lost status | Source of classification or shelving scheme | Damaged status | Not for loan | Collection | Home library | Current library | Date acquired | Serial enumeration / chronology | Total checkouts | Full call number | Barcode | Date last seen | Price effective from | Koha item type | Public note |
|---|---|---|---|---|---|---|---|---|---|---|---|---|---|---|---|---|
| Universal Decimal Classification | Zhamkochyan Individual collection | Fundamental Scientific Library | Fundamental Scientific Library | 26/05/2025 | Գ․ Ա | Ժամ/623 | FL0693737 | 26/05/2025 | 26/05/2025 | Գրքեր / Books | ILL Non-Circ. |
ՀՀ Գիտությունների ազգային ակադեմիայի հիմնարար գիտական գրադարան = Fundamental Scientific Library of NAS RA
All site content, except where otherwise noted, is licensed under a